Powerless / (Record no. 2579)

MARC details
000 -LEADER
fixed length control field 01204cam a2200349 a 4500
005 - DATE AND TIME OF LATEST TRANSACTION
control field 20240103093144.0
020 ## - INTERNATIONAL STANDARD BOOK NUMBER
International Standard Book Number 9780375855955 (hardcover)
020 ## - INTERNATIONAL STANDARD BOOK NUMBER
International Standard Book Number 9780545385336
020 ## - INTERNATIONAL STANDARD BOOK NUMBER
International Standard Book Number 9780375955952 (lib. bdg.)
040 ## - CATALOGING SOURCE
Original cataloging agency DLC
Transcribing agency DLC
Modifying agency DLC
Language of cataloging eng
050 00 - LIBRARY OF CONGRESS CALL NUMBER
Classification number PZ7.C654
Item number Pow 2009
082 00 - DEWEY DECIMAL CLASSIFICATION NUMBER
Classification number 741
Edition number 22
100 1# - MAIN ENTRY--PERSONAL NAME
Personal name Cody, Matthew
245 10 - TITLE STATEMENT
Title Powerless /
Statement of responsibility, etc. Matthew Cody
250 ## - EDITION STATEMENT
Edition statement Frist Scholastic printing, September 2011
260 ## - PUBLICATION, DISTRIBUTION, ETC.
Place of publication, distribution, etc. New York :
Name of publisher, distributor, etc. Scholastic,
Date of publication, distribution, etc. 2009
300 ## - PHYSICAL DESCRIPTION
Extent 279 pages :
Dimensions 20 cm
500 ## - GENERAL NOTE
General note Sequel: Super.
505 ## - FORMATTED CONTENTS NOTE
Formatted contents note R
520 ## - SUMMARY, ETC.
Summary, etc. Soon after moving to Noble's Green, Pennsylvania, twelve-year-old Daniel learns that his new friends have super powers that they will lose when they turn thirteen, unless he can use his brain power to protect them.
521 ## - TARGET AUDIENCE NOTE
Target audience note 800
Source Lexile
521 ## - TARGET AUDIENCE NOTE
Target audience note R
Source Raz-Plus
650 #1 - SUBJECT ADDED ENTRY--TOPICAL TERM
Topical term or geographic name entry element Supernatural
Form subdivision Fiction.
650 #1 - SUBJECT ADDED ENTRY--TOPICAL TERM
Topical term or geographic name entry element Bullies and bullying
Form subdivision Fiction.
650 #1 - SUBJECT ADDED ENTRY--TOPICAL TERM
Topical term or geographic name entry element Moving, Household
Form subdivision Fiction.
650 #1 - SUBJECT ADDED ENTRY--TOPICAL TERM
Topical term or geographic name entry element Schools
Form subdivision Fiction.
650 #1 - SUBJECT ADDED ENTRY--TOPICAL TERM
Topical term or geographic name entry element Family life
Geographic subdivision Pennsylvania
Form subdivision Fiction.
650 #1 - SUBJECT ADDED ENTRY--TOPICAL TERM
Topical term or geographic name entry element Mystery and detective stories.
906 ## - LOCAL DATA ELEMENT F, LDF (RLIN)
a 7
b cbc
c orignew
d 1
e ecip
f 20
g y-gencatlg
942 ## - ADDED ENTRY ELEMENTS (KOHA)
Source of classification or shelving scheme Dewey Decimal Classification
Koha item type Books
Suppress in OPAC No
999 ## -
-- 2579
-- 2579
Holdings
Withdrawn status Lost status Source of classification or shelving scheme Damaged status Not for loan Collection Home library Current library Shelving location Date acquired Total Checkouts Full call number Barcode Date last seen Price effective from Koha item type
    Dewey Decimal Classification     Fiction Footprints International School Library Network Toul Kork Campus Footprints International School Library Network Toul Kork Campus   01/02/2024   COD 741 PZ7.C654 FISSE01010 01/02/2024 01/02/2024 Books